| 000 | 00654nam a2200181Ia 4500 | ||
|---|---|---|---|
| 003 | GCL | ||
| 008 | 140319s9999 xx 000 0 ara d | ||
| 040 |
_aGCL / _cGCL |
||
| 082 | 0 | 4 |
_aق _b962.054 _bا ق |
| 100 | 1 | _aاحمد حسين | |
| 245 | 1 | 0 |
_aقضية التحريض علىحرق مدينة القاهرة ومقدمات ثورة 23 يوليو 1952 / _cاحمد حسين |
| 300 | _a560 ص | ||
| 490 |
_aالهيئة العامة للاستعلامات _v0 |
||
| 650 | 0 | 4 | _aالملك فاروق |
| 650 | 0 | 4 | _aحريق القاهرة 26 يناير 1952 |
| 650 | 0 | 4 | _aمصر - تاريخ - العصر الحديث (1805 - 1956 ) |
| 942 |
_2ddc _cBK |
||
| 999 |
_c49555 _d49555 |
||